000 00616nam a2200241Ia 4500
003 OSt
005 20221005124430.0
006 a|||||r|||| 00| 0
007 ta
008 221004b |||||||| |||| 00| 0 tam d
024 _a46910
037 _cTextual
040 _aCRL
_cCRL
_btam
041 _2tam
_atam
082 _aNA441,C, 31K6
100 _aBalasubrahmanyam Au.
_9635225
245 0 _aMurkaala c chozhar kalaiyum chirpamum
260 _c1966
300 _a454p.
_ccm.
650 _aARTS
942 _hNA441,C, 31K6
_cTEXL
_2cc
999 _c1050463
_d1050463